| 000 | 00686nam a22002057a 4500 | ||
|---|---|---|---|
| 999 |
_c6484 _d6484 |
||
| 001 | 4215 | ||
| 003 | BD-DhUAP | ||
| 005 | 20210103112853.0 | ||
| 008 | 200303s1963 ii a|||| b||| 001 0 eng d | ||
| 040 |
_aBD-DhUAP _bEng _cBD-DhUAP _dBD-DhUAP |
||
| 082 |
_223 _a954.14 RAH |
||
| 100 | _aRahim, M. A. | ||
| 245 |
_aSocial and cultural history of Bengal / _cM. A. Rahim. |
||
| 260 |
_aKarachi : _bPakistan historical society, _cc1963. |
||
| 300 |
_axxx, 453 pages : _billustrations, _c23 cm. |
||
| 490 | _aPakistan Historical Society publication. | ||
| 504 | _aIncludes bibliographical references and index. | ||
| 650 |
_aSocial life and customs _vHistory _zBengal (India). |
||
| 942 |
_2ddc _cBK |
||